| 000 | 01264cam a2200349 i 4500 | ||
|---|---|---|---|
| 999 |
_c200443202 _d61414 |
||
| 001 | 200443202 | ||
| 003 | TR-AnTOB | ||
| 005 | 20220808135730.0 | ||
| 007 | ta | ||
| 008 | 970722s1976 tu a 000 0 tur d | ||
| 035 | _a(OCoLC)1238053328 | ||
| 035 | _a(TR-AnTOB)200443202 | ||
| 040 |
_aNLGGC _beng _erda _cNLGGC _dTR-AnTOB |
||
| 041 | 0 | _atur | |
| 050 | 4 |
_aQL666.O6 _bB37 1976 |
|
| 090 |
_aQL666.O6 _bB37 1976 |
||
| 100 | 1 |
_aBaran, İbrahim, _d1940- _eauthor _9132319 |
|
| 245 | 1 | 0 |
_aTürkiye yılanlarının taksonomik revizyonu ve coğrafi dağılışları / _cİbrahim Baran. |
| 264 | 1 |
_aAnkara : _bTürkiye Bilimsel ve Teknik Araştırma Kurumu Matematik Fiziki ve Biyolojik Bilimler Araştırma Grubu, _c1976. |
|
| 300 |
_aix, 177 pages : _billustrations ; _c24 cm. |
||
| 336 |
_atext _btxt _2rdacontent |
||
| 337 |
_aunmediated _bn _2rdamedia |
||
| 338 |
_avolume _bnc _2rdacarrier |
||
| 490 | 0 |
_aTÜBİTAK yayınları ; _vno. 309. _aT.B.A.G. ; _vseri no. 9 |
|
| 500 | _aProje no: TBAG-53 | ||
| 650 | 7 |
_aYılanlar _zTürkiye _2etuturkob _9132320 |
|
| 650 | 7 |
_aHerpetoloji _zTürkiye _2etuturkob _9132321 |
|
| 710 | 2 |
_aTürkiye Bilimsel ve Teknolojik Araştırma Kurumu _970794 |
|
| 942 |
_2lcc _cBK |
||